000
00287nam a22001337a 4500
008
181122b xxu||||| |||| 00| 0 eng d
020
_a
0870652349
041
_a
eng
080
_a
821
100
_a
24
101
_a
GJU
245
_a
Experiencing Poetry
_c
Eileen.TH
942
_2
udc
_c
BK
999
_c
52315
_d
52315